Химическое наставление писать рецепты, или Карманная книжка для практикующих врачей, которые хотят избегать погрешностей при предписывании лекарств в химическом и фармацевтическом отношении (Запись № 10048618)

Подробности
000 -МАРКЕР
контрольное поле 04016nam0a22004211 4500
001 - ИДЕНТИФИКАТОР ЗАПИСИ
контрольное поле RU\NLR\A1DV\25682
005 - ИДЕНТИФИКАТОР ВЕРСИИ
контрольное поле 20260407071024.0
035 ## - ДРУГИЕ СИСТЕМНЫЕ НОМЕРА
Идентификатор записи (NLR Aleph) 010777042
100 ## - ДАННЫЕ ОБЩЕЙ ОБРАБОТКИ
Данные общей обработки 19990604d1811 m y0rusy50 ca
101 1# - ЯЗЫК РЕСУРСА
Язык текста, звукозаписи и т.д. русский
Язык оригинала немецкий
102 ## - СТРАНА ПУБЛИКАЦИИ ИЛИ ПРОИЗВОДСТВА
Страна публикации Российская Федерация
140 ## - ПОЛЕ КОДИРОВАННЫХ ДАННЫХ: СТАРОПЕЧАТНЫЕ ИЗДАНИЯ - ОБЩАЯ ИНФОРМАЦИЯ
Кодированные данные о старопечатном издании - Основные y y kb yaa0000
200 1# - ЗАГЛАВИЕ И СВЕДЕНИЯ ОБ ОТВЕТСТВЕННОСТИ
Основное заглавие Химическое наставление писать рецепты, или Карманная книжка для практикующих врачей, которые хотят избегать погрешностей при предписывании лекарств в химическом и фармацевтическом отношении
Первые сведения об ответственности д. Иоан. Бартоломея Тромздорфа, профессора химии в Эрфуртском университете и тамошняго аптекаря, члена Римско-Императорской академии естество-испытателей, обществ: Королевскаго Датскаго в Копенгагене, медикофармацевтическаго Бриссельскаго, Эрфуртской академии полезных знаний, естество-испытателей Иенскаго и тамошняго же Минералогическаго, физических: Геттингенскаго, Цюрихскаго, Вестфальскаго, Гейделбергскаго, Ботаническаго регенбургскаго, корреспондента швейцарских врачей и хирургов, Галваническаго Парижскаго общ. естество-испытателей Маинцскаго общ. естество-испытывающих соревнователей в Берлине, корресп. общ. фармации и врачебной физики - и проч.
Последующие сведения об ответственности Переведено с немецкаго четвертаго издания умноженннаго [!] и исправленнаго
210 ## - ПУБЛИКАЦИЯ, РАСПРОСТРАНЕНИЕ И ДР.
Место издания, распространения и т.д. Москва
Имя издателя, распространителя и т. д. в типографии Федора Любия
Дата издания, распространения и т.д. 1811
215 ## - ФИЗИЧЕСКАЯ ХАРАКТЕРИСТИКА
Специфическое обозначение материала и объем XVI, 272, [8] с.
Размеры 12°
300 ## - ОБЩИЕ ПРИМЕЧАНИЯ
Текст примечания Ценз.: Моск. ун-та ценз. ком.
300 ## - ОБЩИЕ ПРИМЕЧАНИЯ
Текст примечания Загл. ориг.: Chemische Rezeptierkunst, oder Taschenbuch für praktische Aerzte... (Erfurt, 1799)
300 ## - ОБЩИЕ ПРИМЕЧАНИЯ
Текст примечания Подстроч. примеч. авт.
300 ## - ОБЩИЕ ПРИМЕЧАНИЯ
Текст примечания На с.III-VI посвящ. пер. Я.В.Виллие с подписью: Иван Попов
300 ## - ОБЩИЕ ПРИМЕЧАНИЯ
Текст примечания На с.VII-XIV "Сокращенное предисловие к первому изданию"; на с.XV-XVI "Предисловие к IV изданию"; на с.[1-8] список подписчиков
321 1# - ПРИМЕЧАНИЯ ОБ ОТДЕЛЬНО ИЗДАННЫХ УКАЗАТЕЛЯХ / РЕФЕРАТАХ / ССЫЛКАХ, ОТРАЖАЮЩИХ КАТАЛОГИЗИРУЕМЫЙ ДОКУМЕНТ
Примечания об указателях, рефератах, ссылках Смирд. 4646
321 1# - ПРИМЕЧАНИЯ ОБ ОТДЕЛЬНО ИЗДАННЫХ УКАЗАТЕЛЯХ / РЕФЕРАТАХ / ССЫЛКАХ, ОТРАЖАЮЩИХ КАТАЛОГИЗИРУЕМЫЙ ДОКУМЕНТ
Примечания об указателях, рефератах, ссылках Соп. 6585
517 1# - ДРУГИЕ ВАРИАНТЫ ЗАГЛАВИЯ
Вариант заглавия Карманная книжка для практикующих врачей, которые хотят избегать погрешностей при предписывании лекарств в химическом и фармацевтическом отношении
620 ## - МЕСТО И ДАТА ПУБЛИКАЦИИ, ИСПОЛНЕНИЯ И Т. Д.
Город Москва
700 #1 - ИМЯ ЛИЦА - ПЕРВИЧНАЯ ОТВЕТСТВЕННОСТЬ
Связь между полями z01790
-- z02790
Начальный элемент ввода Троммсдорф
Часть имени, кроме начального элемента ввода И.Б.
Даты 1770-1837
Расширение инициалов личного имени Иоганн Бартоломе
Код отношения Автор
702 #1 - ИМЯ ЛИЦА - ВТОРИЧНАЯ ОТВЕТСТВЕННОСТЬ
Код отношения Объект посвящения
Графика поля Кириллица
Материалы, к которым относится поле rus
Начальный элемент ввода Виллие
Часть имени, кроме начального элемента ввода Я. В.
Даты 1768-1854
Расширение инициалов личного имени Яков Васильевич
Системный номер авторитетной/нормативной записи 191251
Идентификатор авторитетной/нормативной записи RU\NLR\AUTH\770191302
702 #1 - ИМЯ ЛИЦА - ВТОРИЧНАЯ ОТВЕТСТВЕННОСТЬ
Код отношения Переводчик
Начальный элемент ввода Попов
Часть имени, кроме начального элемента ввода И. В.
Дополнения к именам, кроме дат литератор, издатель
Даты ок.1770-1839
Расширение инициалов личного имени Иван Васильевич
Идентификатор авторитетной/нормативной записи RU\NLR\AUTH\770238059
Системный номер авторитетной/нормативной записи 238003
702 #1 - ИМЯ ЛИЦА - ВТОРИЧНАЯ ОТВЕТСТВЕННОСТЬ
Код отношения Печатник (типограф)
Графика поля Кириллица
Материалы, к которым относится поле rus
Начальный элемент ввода Люби
Часть имени, кроме начального элемента ввода Ф. Ф.
Расширение инициалов личного имени Федор Ф.
Системный номер авторитетной/нормативной записи 240351
Идентификатор авторитетной/нормативной записи RU\NLR\AUTH\770240407
712 00 - НАИМЕНОВАНИЕ ОРГАНИЗАЦИИ - ВТОРИЧНАЯ ОТВЕТСТВЕННОСТЬ
Код отношения Печатник (типограф)
Начальный элемент ввода Люби,
Идентифицирующий признак Москва
Инверсированный элемент Ф.,
Часть наименования, отличная от начального элемента ввода и от инверсированного элемента типография
Системный номер авторитетной/нормативной записи 723209
Идентификатор авторитетной/нормативной записи RU\NLR\AUTH\880530593
790 #1 - ИМЯ ЛИЦА - АЛЬТЕРНАТИВНАЯ ФОРМА
Связь между полями z01700
Начальный элемент ввода Trommsdorf
Часть имени, кроме начального элемента ввода J.B.
Расширение инициалов личного имени Johann Bartholomä
Код отношения Автор
Графика поля Латинская
790 #1 - ИМЯ ЛИЦА - АЛЬТЕРНАТИВНАЯ ФОРМА
Связь между полями z02700
Начальный элемент ввода Тромздорф
Часть имени, кроме начального элемента ввода И.Б.
Расширение инициалов личного имени Иоан. Бартоломей
801 #0 - ИСТОЧНИК ЗАПИСИ
Страна Российская Федерация
Организация NLR
Дата составления 19990604
852 ## - МЕСТОНАХОЖДЕНИЕ И ШИФР ХРАНЕНИЯ
Идентификатор организации NLR
Шифр хранения (Call Number) 18.12.2.19
942 ## - ДОПОЛНИТЕЛЬНЫЕ ЭЛЕМЕНТЫ ЗАПИСИ (АБИС)
Тип экземпляра АБИС Книга
980 ## - КОЛЛЕКЦИЯ
Название коллекции Национальная библиография
980 ## - КОЛЛЕКЦИЯ
Название коллекции 19 век (1-я четв.)
Экземпляры
Тип экземпляра Дата поступления Библиотека постоянного хранения Библиотека текущего хранения Место хранения Шифр хранения Штрих-код Статус экземпляра
Книга 13.05.2016 РНБ (Садовая) РНБ (Садовая) Русский книжный фонд -Главное здание, Ленинский читальный зал 18.12.2.19 10777042-10